<?xml version="1.0" encoding="UTF-8"?>
<marc:record xmlns:marc="http://www.loc.gov/MARC21/slim">
   <marc:leader>00000nam a2200000 a 4500</marc:leader>
   <marc:datafield ind1="1" ind2=" " tag="100">
      <marc:subfield code="a">Jandl, Ernst</marc:subfield>
      <marc:subfield code="4">aut</marc:subfield>
      <marc:subfield code="e">Verfasser/-in</marc:subfield>
   </marc:datafield>
   <marc:datafield ind1="1" ind2=" " tag="100">
      <marc:subfield code="a">Fetz, Bernhard</marc:subfield>
      <marc:subfield code="4">edt</marc:subfield>
      <marc:subfield code="e">Bearbeiter/-in</marc:subfield>
   </marc:datafield>
   <marc:datafield ind1="1" ind2=" " tag="100">
      <marc:subfield code="a">Siblewski, Klaus</marc:subfield>
      <marc:subfield code="4">edt</marc:subfield>
      <marc:subfield code="e">Bearbeiter/-in</marc:subfield>
   </marc:datafield>
   <marc:datafield ind1=" " ind2=" " tag="653">
      <marc:subfield code="a">Softcover / Belletristik/Gegenwartsliteratur (ab 1945)</marc:subfield>
   </marc:datafield>
   <marc:datafield ind1="0" ind2="0" tag="245">
      <marc:subfield code="a">Der beschriftete Sessel</marc:subfield>
   </marc:datafield>
   <marc:datafield ind1="0" ind2="0" tag="245">
      <marc:subfield code="b">autobiographische Gedichte und Texte</marc:subfield>
   </marc:datafield>
   <marc:datafield ind1="0" ind2="0" tag="245">
      <marc:subfield code="c">Ernst Jandl. Hrsg. und mit einem Nachw. von Bernhard Fetz und Klaus Siblewski</marc:subfield>
   </marc:datafield>
   <marc:datafield ind1=" " ind2="1" tag="264">
      <marc:subfield code="a">Salzburg</marc:subfield>
      <marc:subfield code="b">Jung und Jung</marc:subfield>
      <marc:subfield code="c">2012</marc:subfield>
   </marc:datafield>
   <marc:datafield ind1="1" ind2=" " tag="490">
      <marc:subfield code="a">Österreichs Eigensinn</marc:subfield>
   </marc:datafield>
   <marc:datafield ind1="1" ind2=" " tag="520">
      <marc:subfield code="a">Angaben aus der Verlagsmeldung

schrammenmusik : eine heimatkunde / von Ernst Jandl

Vom »vaterkunstland« und vom »kunstvaterland« ist in Ernst Jandls Stück »die humanisten« die Rede. Ist der Dichter denn auch ein Heimatdichter? In gewissem Sinne ja. Das Werk Ernst Jandls ist seit den Fünfzigerjahren immer auch autobiografisch gewesen. In all seinen unterschiedlichen ästhetischen Formen spiegelt es die Orte der Kindheit und Jugend, den Katholizismus der Mutter, die ungeahnten sprachlichen Möglichkeiten des Dialekts, und nicht zuletzt auch die österreichische Geschichte. Man muss dabei nicht nur an das berühmte Gedicht »wien: heldenplatz« denken. Ernst Jandls »heruntergekommene Sprache« handelt auch von einer heruntergekommenen Heimat, die der Schriftsteller mit kritischer Zuneigung bedenkt. Jandls Gedichte und Stücke sind politisch, experimentell und existenziell. Das eine ist vom anderen nicht zu trennen. Der Auswahlband »schrammenmusik« ist eine autobiografische Heimatkunde, deren Texte zum Teil aus dem Nachlass stammen und hier erstmals zu lesen sind. Jandl noch einmal neu lesend, wird man erkennen, dass die Weltliteratur nur so groß ist wie ihre Provinzen.
</marc:subfield>
   </marc:datafield>
   <marc:datafield ind1=" " ind2=" " tag="020">
      <marc:subfield code="a">9783990270028</marc:subfield>
      <marc:subfield code="9">9783990270028</marc:subfield>
   </marc:datafield>
   <marc:datafield ind1=" " ind2=" " tag="041">
      <marc:subfield code="a">ger</marc:subfield>
   </marc:datafield>
   <marc:datafield ind1=" " ind2=" " tag="300">
      <marc:subfield code="a">262 S.</marc:subfield>
   </marc:datafield>
</marc:record>
